MDQL
is popping MORE tags! Check the
thread
!
Quizzes
Events
Quiz Creation
Community
Videos
Private Events
Remove Ads
Sign In
Join for FREE
Feedback
Dark Mode
Quiz Categories
Sports
Geography
Music
Movies
Television
Just For Fun
Miscellaneous
History
Literature
Language
Science
Gaming
Entertainment
Religion
Holiday
For Kids
Quiz Lab
Recent
Popular Today
Quiz Kudos Today
Editor Picks
Curator Picks
Quizzes by...
Day
Popularity
Type
Ratings
Length
Year
Community
Subscriptions
Recent Discussions
Orange Saloon
Badges
Playlists
Quests
Create
Leaderboards
Showdown
Live 5
Trivia Bingo
Activity
Puzzle Library
Sporcle Events
Private Events
Virtual Trivia
Globe League
Become a Host
Pub Owners
SporcleCon
Opinionation
Our Games
Videos
Blog
Mobile Apps
Partnerships
Remove Ads and Go Orange
Feedback
Sports
Athletes
MLB
NBA
NHL
NFL
Soccer
Sports Teams
WWE
NCAA
Football
Premier League
Basketball
Baseball
Hockey
Golf
Tennis
Cricket
Rugby
Auto Racing
Olympics
World Cup
Sports
Athletes
MLB
NBA
NHL
NFL
Soccer
Sports Teams
WWE
NCAA
Football
Premier League
Basketball
Baseball
Hockey
Golf
Tennis
Cricket
Rugby
Auto Racing
Olympics
World Cup
Random Quiz
Search Sporcle
×
Quiz Lab
Quiz Lab
Sports
NHL
Type in answers that appear in a list
Type in answers that appear in a list
Classic
Best Score? Go Orange.
Who scored more goals in the 2011 NHL season? Stats
Can you name the player Who scored more goals in the 2011 NHL season??
By
tazer
8m
20 Questions
89 Plays
89 Plays
89 Plays
Comments
Comments
Give Quiz Kudos
Give Quiz Kudos
-
- Ratings
hide this ad
More Info
Forced Order
Answers have to be entered in order
Answers have to be entered in order
Wrong Answers
Some wrong answers will appear in red
Some wrong answers will appear in red
Replay
Link that replays current quiz
Next Quiz
Link to next quiz in quiz playlist
You Got
0%
They Got
Avg Score
49%
Avg Friend Score
Upgrade to see
Score Distribution
Jump to the score distribution portion of the page
Score
0/20
Timer
08:00
0
Plays Today
Players
More Goals
% Correct
Corey Perry or Danny Cleary?
???
98.9%
Brandon Dubinsky or Patrick Sharp?
???
96.6%
Ryan Callahan, Joe Thornton or Jason Spezza?
???
94.4%
Dustin Brown or Jarome Iginla?
???
87.6%
Alex Semin or Jeff Skinner?
???
71.9%
Teemu Selanne or Milan Lucic?
???
69.7%
Ilya Kovalchuk or Sidney Crosby?
???
61.8%
Eric Staal or Alex Ovechkin?
???
50.6%
Jeff Carter or Bobby Ryan?
???
49.4%
Patrick Kane or Drew Stafford?
???
41.6%
Players
More Goals
% Correct
Pavel Datsyuk, Mikhail Grabovski or Anze Kopitar?
???
41.6%
Duncan Keith, Jordin Tootoo or Scott Gomez?
???
32.6%
Nathan Gerbe, Mason Raymond or Dave Bolland?
???
31.5%
Jonathan Toews, Thomas Vanek or Brenden Morrow?
???
29.2%
Matt Duchene, Alex Burrows or Nathan Horton?
???
25.8%
Henrik Zetterberg, Marian Hossa or Blake Comeau?
???
25.8%
Brian Gionta or Claude Giroux?
???
22.5%
Mikko Koivu, Artem Anisimov or Ray Whitney?
???
21.3%
John Madden, Michael Frolik or Drew Doughty?
???
21.3%
Ladislav Smid, Maksim Mayorov or Greg Zanon?
???
19.1%
Quiz Playlist
Details
Report
Send in Message
Add To Playlist
More Info:
Simply who scored more goals, there are no ties
Classic:
Type in answers that appear in a list
Forced Order:
Answers have to be entered in order
Wrong Answers:
Some wrong answers will appear in red
Last Updated: Feb 16, 2017
Quiz Scoreboard
CHALLENGE
Sign Up to Join the Scoreboard
Show All
Scores
Hide
Comments
May contain spoilers
Recently Published
1-10 Letter E Words III
by El_Dandy
Language
2m
Street Fighter Characters
by Artimus82
Gaming
60s
College Basketball Coaching Resumes
by pancakes188
Sports
9m
More to Explore
Quiz From the Vault
Featured Blog Post
Where Did the Easter Bunny Come From?
hide this ad
You Might Also Like...
Tags
NHL Quiz
2011
goal
Goals Leaders
Today's Top Quizzes in Sports
Browse Sports
hide this ad
Today's Top Quizzes in NHL
Browse NHL
Top Contributed Quizzes in Sports
1
2022 World Cup Stars
2
Les meilleurs buteurs des matchs entre le PSG et l’OM
3
FIFA Club World Cup Champions
4
Les entraîneurs de l'OM et du PSG au 21e siècle
5
Criteria MLB: Left Handed Sluggers
6
2023 MLB Unique Player Accomplishments
7
AFC Teams Reveal (Wrong Answers Minefield)
8
Players with Multiple 50 Home Run Seasons
9
5-to-1: FBS Animal Nicknames
10
5-to-1: UK Sports Teams
Explore More
Trending Topics
Kpop
Marvel
Disney
Anime
NBA
Harry Potter
Crossword
The Office
NFL
Soccer
Puzzle
Country
WWE
Pokémon
Song
hide this ad
More By:
tazer
Quiz
Plays
Rating
Category
Featured
Created
D-Day Order Speech by Eisenhower
1,731
4.69
History
May 18, 2011
Chop Suey Lyrics
1,358
4.50
Music
Jul 14, 2011
Answer these jokes!
91
3.00
Just For Fun
May 19, 2011
Who scored more goals in the 2011 NHL season?
89
5.00
Sports
May 12, 2011
nhl game 7 overtime scorers
76
5.00
Sports
Dec 12, 2010
Go to Creator's Profile
Score Distribution
Quiz Creator Spotlight
tazer
Follow
Send a Message
Quizzes Created
-
Created Quiz Play Count
-
More By This Creator
Popular Quizzes Today
1
Find the US States - No Outlines Minefield
2
Find the Countries of Europe - No Outlines Minefield
3
The Countries of the World
4
Find the US States
5
Risky Map Clicking: Biggest States A-Z
6
US States
7
Popular People in 1961
8
Movies - When Are They Set?
More Sports Quizzes
NBA drafted players from Indiana University
Quiz Lab
Trending Quizzes
Risky Map Clicking: Least Populous States A-Z
Billboard Blitz: Aretha Franklin
Famous Russians: Author or Composer?
Countries of the World: 200 Million BC
1-10 Letter G Words
Recently Updated
Leaping Animals
pecheneg
Reality TV Shows (A-Z)
bhenderson79
Rickey Henderson's Hall of Fame Teammates
pecheneg
Champions League XIs: Arsenal
pecheneg
Quick Pick: Celebrities in WWE's Hall of Fame
aduchscher
A-Z Keypad Blitz II
pecheneg
Multiple Oscar Actors
pecheneg
Mystery Phrase Blitz: Oscar 'Best Actors'
pecheneg
F. Scott Fitzgerald Novels
LTH
Pick 3 Villains
ddd62291
Trending Topics
Kpop
Anime
NBA
Crossword
Harry Potter
Marvel
Disney
Song
Country
The Office
Pokémon
Puzzle
NFL
WWE
Soccer
Your Account Isn't Verified!
In order to create a playlist on Sporcle, you need to verify the email address you used during registration. Go to your
Sporcle Settings
to finish the process.
Report this User
Report this user for behavior that violates our
Community Guidelines
.
Details:
Send Report
Go to the Sporcle.com Mobile Site →
Comments